| 000 | 00880nam a2200277Ia 4500 | ||
|---|---|---|---|
| 003 | OSt | ||
| 005 | 20221005094625.0 | ||
| 006 | a|||||r|||| 00| 0 | ||
| 007 | ta | ||
| 008 | 221004b |||||||| |||| 00| 0 eng d | ||
| 020 |
_a9780199562510 (pbk) _c2931.59 |
||
| 024 | _a24519 | ||
| 037 |
_b209, 31/12/2015, Classic Book Service _cTextual |
||
| 040 |
_aCRL _cCRL _beng |
||
| 041 |
_2eng _aeng |
||
| 082 | _aG:55.1-56, P7 | ||
| 100 | _aBeinart william | ||
| 245 | 0 | _aEnvironment and empire | |
| 260 |
_aOxford _bOxford University Press U.S.A. _c2007 |
||
| 300 |
_axii, 395p. _ccm. |
||
| 490 | _aThe oxford history of the british empire companions series | ||
| 650 | _aBIOLOGY | ||
| 700 |
_a Hughes Lotte _9599061 |
||
| 942 |
_hG:55.1-56, P7 _cTEXL _2cc |
||
| 999 |
_c1002213 _d1002213 |
||